La Falda - Myke Towers - Estadísticas

Estadísticas generales
  • Esta prueba ha sido intentada 30 veces
  • La puntuación promedio es 238 de 335
Estadísticas de respuestas
Letra Respuesta % Correcto
bonita
100%
chiquitita
100%
es
100%
Es
100%
falda
100%
que
100%
queda
100%
te
100%
Y
100%
y
100%
a
96%
La
96%
la
96%
las
96%
los
96%
se
96%
Se
96%
yo
96%
Yo
96%
Estribillo Esa
93%
lo
93%
un
93%
de
89%
días
89%
saco
89%
to'
89%
uni
89%
demás
85%
donde
85%
en
85%
no
85%
No
85%
si
85%
envidiando
81%
o
81%
sigan
81%
ay
78%
el
78%
El
78%
hasta
78%
hospeda
78%
cuando
74%
Cuando
74%
eso
74%
por
74%
veía
74%
me
70%
prosperan
70%
con
63%
Ella
63%
ella
63%
59%
pone
59%
pa
56%
Sin
56%
sin
56%
ahora
52%
inseguras
52%
Peso
52%
Pluma
52%
Su
52%
ver
52%
Chingando
48%
culo
48%
desconfigura
48%
escuchando
48%
le
48%
pueda
48%
sensual
48%
Tu
48%
tu
48%
calle
44%
Verso Da
44%
espuma
44%
bebe
41%
bebé
41%
Verso Ese
41%
finura
41%
jacuzzi
41%
presuma
41%
quiere
41%
Quiere
41%
disimula
37%
Está
37%
está
37%
fuma
37%
Mezcla
37%
tipo
37%
una
37%
va
37%
amiga
33%
deber
30%
estás
30%
mal
30%
pensar
30%
pero
30%
quiera
30%
quiero
30%
solo
30%
booty
26%
brillen
26%
Dale
26%
Dime
26%
espacio
26%
haces
26%
bachillerato
22%
besar
22%
comiéndomela
22%
dejo
22%
hizo
22%
Hoy
22%
llevo
22%
querer
22%
rastro
22%
rato
22%
subió
22%
alcohol
19%
haciendo
19%
intocable
19%
Llegué
19%
más
19%
prueba'
19%
dopaje
15%
enfoca'
15%
heavy
15%
ni
15%
puso
15%
toqué
15%
creativa
11%
den
11%
distrae
11%
embarazo
11%
encaje
11%
mover
11%
pasa
11%
tienen
11%
traje
11%
vece'
11%
hablen
7%
sustancia'
7%
Trae
7%
yerba
7%
abasto
4%
Chalko
4%
Raptor
4%
weight
4%
Yannc
4%
No se encontraron pruebas coincidentes
Distribución de puntuación
Porcentaje de gente con cada puntuación
Porcentaje por número respondido
Historial de tus puntuaciones
No has intentado esta prueba.